[Event "VIE-ch U09"]
[Site "Ho Chi Minh City"]
[Date "2014.07.17"]
[Round "8"]
[White "Vu, Ngo Hoang Duong"]
[Black "Nguyen, Trong Nhan"]
[Result "1-0"]
[WhiteElo "1518"]
[BlackElo "1477"]
[PlyCount "125"]
[EventDate "2014.07.13"]
[EventType "swiss"]
[EventRounds "9"]
[EventCountry "VIE"]
[SourceTitle "EXT 2016"]
[Source "ChessBase"]
[SourceDate "2015.10.08"]
[SourceVersion "1"]
[SourceVersionDate "2015.10.08"]
[SourceQuality "1"]

1. e4 e5 2. Nf3 Nc6 3. Bc4 Bc5 4. c3 Nf6 5. d3 d6 6. 0-0 0-0 7. Re1 Bg4 8. h3 Bxf3 9. Qxf3 h6 10. Qg3 Kh8 11. Qh4 Nh7 12. Qxd8 Raxd8 13. Be3 Bb6 14. Nd2 f5 15. Bxb6 axb6 16. Bd5 f4 17. Nf3 g5 18. Bxc6 bxc6 19. d4 Rfe8 20. a4 Ra8 21. b4 Nf6 22. Nd2 Nd7 23. Ra2 b5 24. a5 Ra6 25. Nb3 Kg7 26. dxe5 Nxe5 27. Nd4 Kg6 28. Rae2 Nd3 29. Rd1 Ne5 30. Nb3 Re7 31. Red2 Nc4 32. Re2 Ne5 33. f3 Nc4 34. Nd4 Ne3 35. Rde1 Kf6 36. Nf5 Nxf5 37. exf5 Rxe2 38. Rxe2 Kxf5 39. Kf1 Kf6 40. Ke1 c5 41. Kd2 cxb4 42. cxb4 c5 43. Kc3 Kf7 44. Re4 Kf6 45. Re8 Kf7 46. Rb8 Ke6 47. Rxb5 cxb4+ 48. Kxb4 d5 49. Rb6+ Rxb6+ 50. axb6 Kd6 51. b7 Kc7 52. Kc5 d4 53. Kxd4 Kxb7 54. Ke5 Kc7 55. Kf6 Kd6 56. Kg6 Ke6 57. Kxh6 Kf6 58. Kh5 Kf5 59. h4 gxh4 60. Kxh4 Ke6 61. Kg5 Ke5 62. Kg4 Ke6 63. Kxf4 1-0

[Event "VIE-ch U09"]
[Site "Ho Chi Minh City"]
[Date "2014.07.15"]
[Round "4"]
[White "Vu, Ngo Hoang Duong"]
[Black "Dang, Tri Nang"]
[Result "0-1"]
[WhiteElo "1518"]
[BlackElo "1481"]
[PlyCount "98"]
[EventDate "2014.07.13"]
[EventType "swiss"]
[EventRounds "9"]
[EventCountry "VIE"]
[SourceTitle "EXT 2016"]
[Source "ChessBase"]
[SourceDate "2015.10.08"]
[SourceVersion "1"]
[SourceVersionDate "2015.10.08"]
[SourceQuality "1"]

1. e4 d6 2. Nf3 Nf6 3. d3 g6 4. b3 Bg7 5. Bb2 0-0 6. Nc3 Nbd7 7. Be2 b6 8. 0-0 Bb7 9. h3 e5 10. Qd2 Nc5 11. Rfe1 Qd7 12. Nh2 h5 13. Nf3 Ne6 14. Nd1 Nf4 15. Ne3 a5 16. Nf1 a4 17. Ng3 b5 18. Bf1 Bh6 19. Qd1 c5 20. Ne2 Nxe2+ 21. Bxe2 a3 22. Bc1 Bg7 23. Bd2 Rfe8 24. b4 Ra4 25. c3 cxb4 26. cxb4 d5 27. exd5 Nxd5 28. Rb1 Bf8 29. Bf1 Bd6 30. Rb3 Nb6 31. Bc3 f6 32. Qc1 Rea8 33. Qh6 Qf7 34. Qe3 Nd5 35. Qd2 Nxc3 36. Qxc3 Bd5 37. Rbb1 Bxa2 38. Rbc1 Bxb4 39. Qc2 Bxe1 40. Rxe1 b4 41. d4 b3 42. Qc5 b2 43. Bd3 Bc4 44. Bxc4 Rxc4 45. Qb6 Rc1 46. Kh2 Rxe1 47. Nxe1 a2 48. Qxb2 a1Q 49. Qe2 exd4 0-1

[Event "VIE-ch U09"]
[Site "Ho Chi Minh City"]
[Date "2014.07.13"]
[Round "1"]
[White "Vo, Pham Thien Phuc"]
[Black "Vu, Ngo Hoang Duong"]
[Result "1/2-1/2"]
[WhiteElo "1467"]
[BlackElo "1518"]
[PlyCount "106"]
[EventDate "2014.07.13"]
[EventType "swiss"]
[EventRounds "9"]
[EventCountry "VIE"]
[SourceTitle "EXT 2016"]
[Source "ChessBase"]
[SourceDate "2015.10.08"]
[SourceVersion "1"]
[SourceVersionDate "2015.10.08"]
[SourceQuality "1"]

1. d4 d5 2. Nf3 Nf6 3. c4 e6 4. Nc3 Be7 5. Bg5 0-0 6. e3 Nbd7 7. Bd3 c6 8. 0-0 dxc4 9. Bxc4 Nd5 10. Bxe7 Qxe7 11. e4 Nxc3 12. bxc3 e5 13. Bd3 Re8 14. Rc1 exd4 15. cxd4 Nf6 16. e5 Nd5 17. Bb1 Be6 18. Qc2 g6 19. Qb2 Nb6 20. Nd2 Rad8 21. Ne4 Nd5 22. Nd6 Rf8 23. Qxb7 Qg5 24. Ne4 Qe7 25. Qxe7 Nxe7 26. Rfd1 Kg7 27. h3 Bd5 28. Nc5 Nc8 29. a3 Nb6 30. Be4 Nc4 31. Bxd5 cxd5 32. Rd3 Rfe8 33. a4 Re7 34. Rb3 a5 35. Rb5 Ra7 36. Re1 Re8 37. Nd3 Rd7 38. Rc1 g5 39. Nb2 Rc8 40. Nxc4 Rxc4 41. Rxc4 dxc4 42. d5 c3 43. d6 f6 44. exf6+ Kxf6 45. Rc5 Rxd6 46. Rxc3 Rd4 47. Ra3 Kg6 48. Kf1 Re4 49. f3 Rb4 50. Kf2 h5 51. Ra2 Kf6 52. Ke3 Ke5 53. Kd3 Kf4 1/2-1/2